00482nam a2200181Ia 4500003000400000008004100004040001600045082002200061100002300083245005400106700001600160260004000176300001000216650001300226650001700239650001300256650003100269GCL140319s9999 xx 000 0 eng d aGCL / cGCL04aCHb153.1503bG Y1 aGOLD SMITH, EVELYN10aYOUNG LEARNER'S DICTIONARY / cGOLD SMITH, EVELYN1 aDANN, PENNY a[S.N] : bCOLLINS COBUILD ، c1995 a159 P04aCHILDREN04aDICTIONARIES04aLEARNING04aYOUNG LEARNER - DICTIONARY